| 000 | 02632cam a2200541 i 4500 | ||
|---|---|---|---|
| 001 | xx004850517 | ||
| 003 | NUKAT | ||
| 005 | 20260429133726.0 | ||
| 008 | 200428s2019 pl |001 0 pol c | ||
| 020 |
_a9788380988385 _q(oprawa twarda) : _czł 30,00 |
||
| 035 | _a(OCoLC)1153308611 | ||
| 035 | _a(NUKAT)xx004850517 | ||
| 040 |
_aWA 961/JF _bpol _erda _cWA 961/JF _dWA 961/JF _dGD PAN/JMSs _dWA 14/ABs _dOLSZT 008/bak |
||
| 045 | 2 |
_bd1939 _bd1955 |
|
| 046 | _k2019 | ||
| 245 | 0 | 0 |
_aPolicja granatowa w Generalnym Gubernatorstwie w latach 1939-1945 / _cpod redakcją Tomasza Domańskiego i Edyty Majcher-Ociesy ; Instytut Pamięci Narodowej - Komisja Ścigania Zbrodni przeciwko Narodowi Polskiemu. |
| 260 |
_aKielce ; _aWarszawa : _bInstytut Pamięci Narodowej, _c2019. |
||
| 300 |
_a295, [1] strona ; _c21 cm. |
||
| 336 |
_aTekst _btxt _2rdacontent |
||
| 337 |
_aBez urządzenia pośredniczącego _bn _2rdamedia |
||
| 338 |
_aWolumin _bnc _2rdacarrier |
||
| 380 | _aKsiążki | ||
| 380 | _aPublikacje naukowe | ||
| 388 | 1 | _a2001- | |
| 490 | 1 | _aCentralny Projekt Badawczy IPN Dzieje Żydów w Polsce i Relacje Polsko-Żydowskie w Latach 1914-1989 | |
| 500 | _aNa stronie przedtytułowej: Centralny Projekt Badawczy IPN. Dzieje Żydów w Polsce oraz relacje polsko-żydowskie w latach 1914-1989. | ||
| 504 | _aBibliografia przy rozdziałach. Indeks. | ||
| 610 | 2 | 7 |
_aPolicja Polska Generalnego Gubernatorstwa _2DBN _940901 |
| 610 | 1 | 7 |
_aGeneralne Gubernatorstwo (1939-1945 ; terytorium pod okupacją niemiecką). _bPolnische Polizei. _2kaba _940902 |
| 648 | 7 |
_a1901-2000 _2DBN _934996 |
|
| 648 | 7 |
_a1939-1945 _2DBN _936042 |
|
| 648 | 7 |
_a1945-1989 _2DBN _936043 |
|
| 650 | 7 |
_aII wojna światowa (1939-1945) _2DBN _935099 |
|
| 650 | 7 |
_aOkupacja niemiecka Polski (1939-1945) _2DBN _936756 |
|
| 650 | 7 |
_aPolicja _zPolska _y1900-1945. _2kaba _940903 |
|
| 650 | 7 |
_aWojna światowa (1939-1945) _zPolska. _2kaba _910656 |
|
| 651 | 7 |
_aGeneralne Gubernatorstwo (1939-1945) _2DBN _940009 |
|
| 651 | 7 |
_aGeneralne Gubernatorstwo (1939-1945 ; terytorium pod okupacją niemiecką). _2kaba _926813 |
|
| 655 | 7 |
_aPraca zbiorowa _2DBN _935107 |
|
| 658 | _aBezpieczeństwo i wojskowość | ||
| 658 | _aHistoria | ||
| 700 | 1 |
_aDomański, Tomasz. _eRedakcja _916443 |
|
| 700 | 1 |
_aMajcher-Ociesa, Edyta. _eRedakcja _940900 |
|
| 710 | 2 |
_aInstytut Pamięci Narodowej - Komisja Ścigania Zbrodni przeciwko Narodowi Polskiemu. _eInstytucja sprawcza _eWydawca _4pbl _911792 |
|
| 830 | 0 |
_aDzieje Żydów w Polsce oraz Relacje Polsko-Żydowskie w Latach 1914-1989 _940637 |
|
| 920 | _a978-83-8098-838-5 (oprawa twarda) : zł 30,00 | ||
| 942 |
_2ddc _cBK_NM |
||
| 999 |
_c27872 _d27872 |
||